Kite runner (Record no. 1309110)

MARC details
000 -LEADER
fixed length control field 00358nam a22001577a 4500
005 - DATE AND TIME OF LATEST TRANSACTION
control field 20250417131811.0
008 - FIXED-LENGTH DATA ELEMENTS--GENERAL INFORMATION
fixed length control field 250417b |||||||| |||| 00| 0 eng d
020 ## - INTERNATIONAL STANDARD BOOK NUMBER
International Standard Book Number 9781408850251
040 ## - CATALOGING SOURCE
Original cataloging agency SDCL
Transcribing agency SDCL
041 ## - LANGUAGE CODE
Source of code eng
Language code of text/sound track or separate title eng
084 ## - COLON CLASSIFICATION NUMBER
Classification number O-,3N65 Q3
100 ## - MAIN ENTRY--PERSONAL NAME
Personal name Hosseini, Khaled
245 ## - TITLE STATEMENT
Title Kite runner
300 ## - PHYSICAL DESCRIPTION
Extent 343p
942 ## - ADDED ENTRY ELEMENTS (KOHA)
Source of classification or shelving scheme Colon Classification (CC)
Koha item type General Books
Suppress in OPAC No

No items available.

Copyright @ Delhi University Library System